Statistics for Top 25 Transfers - Football Season 2016/17

Click here to take the quiz!

General Stats

  • This quiz has been taken 62 times
  • The average score is 22 of 25

Answer Stats

FromToNatPosFeePlayer% Correct
JuventusManchester UnitedFRACM€105.00mPaul Pogba
100%
NapoliJuventusARGST€90.00mGonzalo Higuain
96%
GladbachArsenalSUICM€45.00mGranit Xhaka
96%
ChelseaSH SIPGBRACAM€60.00mOscar
96%
PSGChelseaBRACB€35.00mDavid Luiz
95%
PalmeirasManchester CityBRAST€32.00mGabriel Jesus
95%
LeicesterChelseaFRACM€35.80mN'Golo Kanté
95%
SouthamptonLiverpoolSENLW€41.20mSadio Mané
95%
LiverpoolCrystal PalaceBELST€31.20mChristian Benteke
93%
ZenitSH SIPGBRARW€55.80mHulk
93%
EvertonManchester CityENGCB€55.60mJohn Stones
93%
Schalke 04Manchester CityGERLW€52.00mLeroy Sané
93%
DortmundFC BayernGERCB€35.00mMats Hummels
93%
ValenciaArsenalGERCB€41.00mShkodran Mustafi
93%
VillarrealManchester UnitedCIVCB€38.00mEric Bailly
91%
DortmundManchester UnitedARMCAM€42.00mHenrikh Mkhitaryan
91%
WolfsburgPSGGERCAM€36.00mJulian Draxler
91%
AjaxNapoliPOLST€32.00mArkadiusz Milik
89%
RomaJuventusBIHCM€32.00mMiralem Pjanic
88%
NewcastleTottenham HotspurFRACM€35.00mMoussa Sissoko
86%
MarseilleChelseaBELST€39.00mMichy Batshuayi
84%
BenficaFC BayernPORCM€35.00mRenato Sanches
82%
SportingLeicesterALGST€30.50mIslam Slimani
79%
ValenciaFC BarcelonaPORCM€37.00mAndré Gomes
74%
SportingInterPORCAM€40.00mJoão Mário
67%

Score Distribution

Percentile by Number Answered

Percent of People with Each Score

Your Score History

You have not taken this quiz